header

People, preferences & prices (Record no. 125924)

MARC details
000 -LEADER
fixed length control field 01631nam a2200313 a 4500
100 1# - MAIN ENTRY--AUTHOR NAME
Personal name Galanter, Eugene.
245 10 - TITLE STATEMENT
Title People, preferences & prices
260 ## - PUBLICATION, DISTRIBUTION, ETC. (IMPRINT)
Place of publication [Saif Zone, Sharjah, United Arab Emirates] :
Name of publisher Bentham Science Publishers Ltd.,
Year of publication [2011]
300 ## - PHYSICAL DESCRIPTION
Number of Pages viii, 288 p. :
Other physical details ill. (some col.), col. ports.
505 0# - FORMATTED CONTENTS NOTE
Formatted contents note pt. 1. The basic tools -- pt. 2. Setting the price and going shopping -- pt. 3. Feeling -- pt. 4. The intangibles : living & experiencing -- pt. 5. Buying, investing & protecting -- pt. 6. Systematics and the day after tomorrow.
650 #0 - SUBJECT ADDED ENTRY--TOPICAL TERM
Topical Term Microeconomics
700 1# - ADDED ENTRY--PERSONAL NAME
Personal name Moskowitz, Howard.
Personal name Silcher, Matthias.
856 40 - ELECTRONIC LOCATION AND ACCESS
Uniform Resource Identifier http://site.ebrary.com/lib/rucke/Doc?id=10492629

No items available.

© 2026 Rongo University
Contact us: librarian | system librarian | Rongo university